[Event "31. Abierto Ciudad de Sevilla"]
[Site "Sevilla ESP"]
[Date "2006.01.12"]
[Round "6.11"]
[White "Mirzoev, Azer"]
[Black "Jimenez Hernandez, Cayetano"]
[Result "1-0"]
[WhiteElo "2498"]
[BlackElo "2215"]
[PlyCount "41"]
[EventDate "2006.01.07"]
[EventType "swiss"]
[EventRounds "9"]
[EventCountry "ESP"]
[Source "lmi"]
[SourceDate "2006.01.09"]

1. d4 Nf6 2. c4 g6 3. Nc3 Bg7 4. e4 d6 5. f3 O-O 6. Be3 c5 7. Nge2 Qa5 8. Qd2
Nc6 9. O-O-O e6 10. Kb1 a6 11. dxc5 dxc5 12. Nc1 Rd8 13. Qe1 Nd4 14. e5 Nd7 15.
f4 f6 16. h4 fxe5 17. h5 e4 18. hxg6 hxg6 19. Bd2 Nf8 20. Nxe4 Qb6 21. Ba5 1-0

[Event "31. Abierto Ciudad de Sevilla"]
[Site "Sevilla ESP"]
[Date "2006.01.12"]
[Round "6.12"]
[White "Fenollar Jorda, Manuel"]
[Black "Del Rio Angelis, Salvador Gabriel"]
[Result "1/2-1/2"]
[WhiteElo "2277"]
[BlackElo "2497"]
[PlyCount "71"]
[EventDate "2006.01.07"]
[EventType "swiss"]
[EventRounds "9"]
[EventCountry "ESP"]
[Source "lmi"]
[SourceDate "2006.01.09"]

1. d4 e6 2. Nf3 c5 3. c3 b6 4. e3 Bb7 5. Bd3 f5 6. Nbd2 Nf6 7. Qc2 Nc6 8. dxc5
Bxc5 9. e4 g6 10. O-O O-O 11. exf5 gxf5 12. Nb3 Kh8 13. Nxc5 bxc5 14. Bg5 Qe8
15. Qe2 Qg6 16. Bxf6+ Qxf6 17. Ba6 Bxa6 18. Qxa6 Rab8 19. Rad1 Rxb2 20. Rxd7
Nb8 21. Qa3 Rc2 22. Rxa7 Rxc3 23. Qb2 Nc6 24. Ra6 Nd4 25. Nxd4 cxd4 26. Re1
Rfc8 27. h3 Re8 28. Qb5 Re7 29. Qb8+ Kg7 30. Qd8 d3 31. Rd6 Rc2 32. Rxd3 Rxa2
33. Rg3+ Kh6 34. Qd6 Ra4 35. Rge3 Ra1 36. Qf4+ 1/2-1/2

[Event "31. Abierto Ciudad de Sevilla"]
[Site "Sevilla ESP"]
[Date "2006.01.12"]
[Round "6.13"]
[White "Ortega Valle, Ramon"]
[Black "Paunovic, Dragan"]
[Result "0-1"]
[WhiteElo "2226"]
[BlackElo "2475"]
[PlyCount "46"]
[EventDate "2006.01.07"]
[EventType "swiss"]
[EventRounds "9"]
[EventCountry "ESP"]
[Source "lmi"]
[SourceDate "2006.01.09"]

1. e4 d6 2. d4 Nf6 3. Nc3 e5 4. Nf3 Nbd7 5. Bc4 Be7 6. Ng5 O-O 7. f4 exd4 8.
Qxd4 c6 9. a4 h6 10. Nf3 d5 11. exd5 Bc5 12. Qd3 Re8+ 13. Kf1 cxd5 14. Nxd5 Nb6
15. Nxb6 Qxb6 16. a5 Qc7 17. Ne5 Be6 18. Bxe6 Rxe6 19. Qc4 Qd6 20. Nd3 Ne4 21.
f5 Ree8 22. Qa4 Qd5 23. Ne1 Nf2 0-1

[Event "31. Abierto Ciudad de Sevilla"]
[Site "Sevilla ESP"]
[Date "2006.01.12"]
[Round "6.14"]
[White "Durao, Joaquim"]
[Black "Hoffman, Alejandro"]
[Result "0-1"]
[WhiteElo "2197"]
[BlackElo "2461"]
[PlyCount "64"]
[EventDate "2006.01.07"]
[EventType "swiss"]
[EventRounds "9"]
[EventCountry "ESP"]
[Source "lmi"]
[SourceDate "2006.01.09"]

1. e4 c5 2. Nf3 d6 3. d4 cxd4 4. Nxd4 Nf6 5. Nc3 g6 6. f4 Nc6 7. Nxc6 bxc6 8.
e5 Nd7 9. exd6 exd6 10. Qd4 Nf6 11. Be3 Be7 12. O-O-O O-O 13. h3 d5 14. Na4 Ne4
15. g4 Qa5 16. Bd2 Nxd2 17. Rxd2 c5 18. Qe5 Qxa4 19. Qxe7 Qxa2 20. Rd1 Qa1+ 21.
Kd2 Qa5+ 22. Kc1 Rb8 23. f5 Qa1+ 24. Kd2 Qxb2 25. Qxc5 Bxf5 26. gxf5 Rbc8 27.
Qxc8 Rxc8 28. Bd3 Qb4+ 29. Ke3 Re8+ 30. Kf3 g5 31. Rhf1 Qh4 32. Kg2 Re3 0-1

[Event "31. Abierto Ciudad de Sevilla"]
[Site "Sevilla ESP"]
[Date "2006.01.12"]
[Round "6.15"]
[White "Melero Fidalgo, Juan de Dios"]
[Black "Komljenovic, Davor"]
[Result "0-1"]
[WhiteElo "2195"]
[BlackElo "2458"]
[PlyCount "80"]
[EventDate "2006.01.07"]
[EventType "swiss"]
[EventRounds "9"]
[EventCountry "ESP"]
[Source "lmi"]
[SourceDate "2006.01.09"]

1. e4 c5 2. Nf3 d6 3. d4 cxd4 4. Nxd4 Nf6 5. Nc3 a6 6. g3 g6 7. Bg2 Bg7 8. O-O
O-O 9. h3 Nc6 10. Be3 Bd7 11. Qd2 Rc8 12. f4 Nxd4 13. Bxd4 Bc6 14. Rad1 Qc7 15.
Kh2 b5 16. e5 Ne8 17. exd6 Nxd6 18. Bxg7 Kxg7 19. Rf2 Bxg2 20. Rxg2 Nc4 21.
Qd4+ e5 22. fxe5 Qxe5 23. Qxe5+ Nxe5 24. Rd6 b4 25. Nd1 Nf3+ 26. Kh1 Rfe8 27.
Rf2 Ng5 28. Rd7 Rcd8 29. Rxd8 Rxd8 30. Ne3 Nxh3 31. Re2 f5 32. c4 bxc3 33. bxc3
Rd3 34. c4 Ng5 35. Nf1 Rc3 36. Re7+ Kf6 37. Rc7 h5 38. a4 Nf3 39. Kg2 Ne5 40.
Ra7 Rc2+ 0-1

[Event "31. Abierto Ciudad de Sevilla"]
[Site "Sevilla ESP"]
[Date "2006.01.12"]
[Round "6.16"]
[White "Carrasco Martinez, Juan Manuel"]
[Black "Romero Garcia, Mariano"]
[Result "1-0"]
[WhiteElo "2431"]
[BlackElo "2182"]
[PlyCount "73"]
[EventDate "2006.01.07"]
[EventType "swiss"]
[EventRounds "9"]
[EventCountry "ESP"]
[Source "lmi"]
[SourceDate "2006.01.09"]

1. d4 g6 2. Nf3 Bg7 3. c4 Nf6 4. Nc3 O-O 5. Bg5 d6 6. e3 Nbd7 7. Be2 h6 8. Bh4
a6 9. O-O g5 10. Bg3 Nh5 11. Qc2 Nxg3 12. hxg3 e6 13. b4 f5 14. Rfd1 Qf6 15.
Rac1 b6 16. c5 Bb7 17. Na4 Be4 18. Qd2 b5 19. Nc3 Bxf3 20. Bxf3 d5 21. Nxd5
exd5 22. Bxd5+ Kh8 23. Bxa8 Rxa8 24. a4 c6 25. axb5 axb5 26. Ra1 Rd8 27. Ra7
Ne5 28. Qa2 Nc4 29. Ra8 f4 30. gxf4 gxf4 31. exf4 Rxa8 32. Qxa8+ Kh7 33. d5
cxd5 34. Qxd5 Qxf4 35. c6 Be5 36. g3 Qf6 37. Qe4+ 1-0

[Event "31. Abierto Ciudad de Sevilla"]
[Site "Sevilla ESP"]
[Date "2006.01.12"]
[Round "6.17"]
[White "Lazaro Porta, Angel"]
[Black "Pogorelov, Ruslan"]
[Result "0-1"]
[WhiteElo "2124"]
[BlackElo "2402"]
[PlyCount "112"]
[EventDate "2006.01.07"]
[EventType "swiss"]
[EventRounds "9"]
[EventCountry "ESP"]
[Source "lmi"]
[SourceDate "2006.01.09"]

1. Nf3 Nf6 2. d4 e6 3. Bf4 b6 4. Nbd2 Bb7 5. e3 Be7 6. Bd3 Nh5 7. Bg3 f5 8. Ne5
g6 9. Be2 Nxg3 10. hxg3 Bf6 11. Bf3 c6 12. g4 d6 13. Nd3 Qe7 14. gxf5 exf5 15.
Kf1 Nd7 16. c4 O-O 17. Nf4 Rac8 18. Qb3 Kg7 19. a4 a5 20. Kg1 Bg5 21. g3 Bxf4
22. gxf4 Ba6 23. Qc3 Qf6 24. Bg2 h6 25. Nf3 Rh8 26. Rh3 Kf7 27. Rg3 Rhg8 28.
Qb3 Kf8 29. Rd1 g5 30. c5 bxc5 31. dxc5 d5 32. Rd4 g4 33. Nd2 h5 34. Bf1 Rb8
35. Qc3 Bxf1 36. Kxf1 h4 37. Rg1 h3 38. Ke2 Qe7 39. Qc2 Qe6 40. Qc3 Nf6 41. b4
Ne4 42. Nxe4 fxe4 43. b5 h2 44. Rh1 g3 45. Rdd1 g2 46. Rxh2 Qg4+ 47. Kd2 Qxd1+
48. Kxd1 g1=Q+ 49. Kd2 Qg7 50. Qxg7+ Kxg7 51. b6 Rh8 52. Rg2+ Kf6 53. Rg5 Rbg8
54. Re5 Rh2 55. Kc3 Rxf2 56. Rg5 Rxg5 0-1

[Event "31. Abierto Ciudad de Sevilla"]
[Site "Sevilla ESP"]
[Date "2006.01.12"]
[Round "6.18"]
[White "Narciso Dublan, Marc"]
[Black "Diaz Rodriguez, Jose Antonio"]
[Result "1-0"]
[WhiteElo "2525"]
[BlackElo "2108"]
[PlyCount "39"]
[EventDate "2006.01.07"]
[EventType "swiss"]
[EventRounds "9"]
[EventCountry "ESP"]
[Source "lmi"]
[SourceDate "2006.01.09"]

1. d4 d5 2. c4 e6 3. Nc3 Nf6 4. Nf3 Be7 5. Bf4 c6 6. e3 O-O 7. h3 Nbd7 8. Qc2
Qa5 9. Nd2 Nh5 10. Bh2 f5 11. cxd5 exd5 12. g4 fxg4 13. hxg4 Nhf6 14. g5 Ne4
15. Ncxe4 dxe4 16. Bc4+ Kh8 17. Qxe4 Bxg5 18. Be5 Nf6 19. Bxf6 Bf5 20. Qe5 1-0

[Event "31. Abierto Ciudad de Sevilla"]
[Site "Sevilla ESP"]
[Date "2006.01.12"]
[Round "6.19"]
[White "Fernandez Romero, Ernesto"]
[Black "Magrini, Fabrizio"]
[Result "1-0"]
[WhiteElo "2460"]
[BlackElo "2108"]
[PlyCount "110"]
[EventDate "2006.01.07"]
[EventType "swiss"]
[EventRounds "9"]
[EventCountry "ESP"]
[Source "lmi"]
[SourceDate "2006.01.09"]

1. e4 c5 2. Ne2 Nc6 3. Nbc3 Nf6 4. g3 d6 5. Bg2 e5 6. O-O Be7 7. d3 O-O 8. h3
Rb8 9. g4 b5 10. Ng3 b4 11. Nce2 Nd4 12. f4 Nxe2+ 13. Qxe2 exf4 14. Bxf4 Nd7
15. Nf5 Ne5 16. Nxe7+ Qxe7 17. Qf2 Be6 18. Rfd1 Qc7 19. Qg3 f6 20. Rd2 Rbd8 21.
a3 c4 22. axb4 cxd3 23. cxd3 Rb8 24. Be3 Rxb4 25. Kh2 Rb3 26. Rxa7 Qb8 27. Re7
Re8 28. Rxe8+ Qxe8 29. Bd4 Qb5 30. Bc3 Nf7 31. d4 d5 32. e5 Qb8 33. Qf4 fxe5
34. dxe5 Rb5 35. Bf1 d4 36. Bxd4 Nxe5 37. Bxb5 Nf3+ 38. Kg3 Qxf4+ 39. Kxf4 Nxd2
40. b4 Nc4 41. Bc6 h5 42. gxh5 Kh7 43. Kg5 Nd6 44. Bc5 Nf7+ 45. Kh4 g5+ 46.
hxg6+ Kxg6 47. b5 Nd8 48. Bf3 Bc8 49. Be7 Ne6 50. b6 Kf7 51. Bd6 Ng7 52. Bg4
Bb7 53. Kg5 Ne8 54. Be5 Ke7 55. h4 Nd6 1-0

[Event "31. Abierto Ciudad de Sevilla"]
[Site "Sevilla ESP"]
[Date "2006.01.12"]
[Round "6.20"]
[White "Teran Alvarez, Ismael"]
[Black "Del Campo Gomez, Jose Luis"]
[Result "1-0"]
[WhiteElo "2446"]
[BlackElo "2103"]
[PlyCount "107"]
[EventDate "2006.01.07"]
[EventType "swiss"]
[EventRounds "9"]
[EventCountry "ESP"]
[Source "lmi"]
[SourceDate "2006.01.09"]

1. e4 c5 2. Nf3 Nc6 3. Nc3 Nf6 4. Bb5 Qc7 5. O-O Nd4 6. Bc4 d6 7. h3 g6 8. d3
Bg7 9. Nxd4 cxd4 10. Nb5 Qb6 11. a4 e5 12. a5 Qd8 13. f4 O-O 14. Bd2 a6 15.
fxe5 dxe5 16. Na3 b5 17. axb6 Qxb6 18. Bb3 Be6 19. Nc4 Bxc4 20. Bxc4 Ra7 21.
Ra2 Rc8 22. b3 Ne8 23. Qa1 Nd6 24. Bd5 h6 25. Qe1 Kh7 26. Ba5 Qb5 27. Bb4 Rd8
28. Bxd6 Rxd6 29. Bxf7 Bf6 30. Bc4 Qd7 31. Ra5 Qc8 32. Qb4 Qc7 33. Rc5 Qd8 34.
Rc8 Qb6 35. Qa4 Re7 36. Ra8 Qb7 37. Rf8 Kg7 38. Rg8+ Kh7 39. Re8 Rxe8 40. Qxe8
Qg7 41. Qc8 h5 42. h4 Rd8 43. Qe6 Rf8 44. g3 Kh6 45. Kg2 a5 46. Bb5 Bxh4 47.
gxh4 Rxf1 48. Kxf1 Qf8+ 49. Ke2 Qf4 50. Qh3 Qc1 51. Bc4 Qxc2+ 52. Kf3 Qd2 53.
Qg3 Kg7 54. Qxe5+ 1-0

[Event "31. Abierto Ciudad de Sevilla"]
[Site "Sevilla ESP"]
[Date "2006.01.13"]
[Round "7.1"]
[White "Gomez Esteban, Juan Mario"]
[Black "Matamoros Franco, Carlos S"]
[Result "1/2-1/2"]
[WhiteElo "2490"]
[BlackElo "2510"]
[PlyCount "38"]
[EventDate "2006.01.07"]
[EventType "swiss"]
[EventRounds "9"]
[EventCountry "ESP"]
[Source "lmi"]
[SourceDate "2006.01.09"]

1. d4 e6 2. e4 d5 3. Nd2 c5 4. exd5 Qxd5 5. Ngf3 cxd4 6. Bc4 Qd6 7. O-O Nf6 8.
Nb3 Nc6 9. Nbxd4 Nxd4 10. Qxd4 Bd7 11. Be3 Qxd4 12. Bxd4 Rc8 13. Ne5 Bc5 14.
Rad1 Bxd4 15. Rxd4 Ke7 16. Rfd1 Rhd8 17. f4 Be8 18. Rxd8 Rxd8 19. Rxd8 Kxd8
1/2-1/2

[Event "31. Abierto Ciudad de Sevilla"]
[Site "Sevilla ESP"]
[Date "2006.01.13"]
[Round "7.2"]
[White "Hoffman, Alejandro"]
[Black "Spraggett, Kevin"]
[Result "0-1"]
[WhiteElo "2461"]
[BlackElo "2581"]
[PlyCount "78"]
[EventDate "2006.01.07"]
[EventType "swiss"]
[EventRounds "9"]
[EventCountry "ESP"]
[Source "lmi"]
[SourceDate "2006.01.09"]

1. Nf3 c5 2. c4 Nf6 3. Nc3 e6 4. g3 b6 5. Bg2 Bb7 6. O-O Be7 7. Re1 d6 8. e4
Nbd7 9. d4 cxd4 10. Nxd4 Qc7 11. b3 O-O 12. Be3 a6 13. Rc1 Rac8 14. f3 Rfe8 15.
Bf2 Qb8 16. Bh3 Bf8 17. Qd2 Ba8 18. Bf1 Ne5 19. h3 h6 20. f4 Ned7 21. Bg2 Rcd8
22. Nc2 Bb7 23. Qe2 Rc8 24. Nd4 e5 25. fxe5 Rxe5 26. g4 h5 27. Bg3 hxg4 28.
Bxe5 dxe5 29. Nf5 g6 30. Ne3 Bc5 31. Ncd5 Bxd5 32. cxd5 Nh5 33. hxg4 Nf4 34.
Qd2 a5 35. Kh2 Qd6 36. Kg3 Qf6 37. Rf1 Qg5 38. Rf3 Nf6 39. Qc2 Kg7 0-1

[Event "31. Abierto Ciudad de Sevilla"]
[Site "Sevilla ESP"]
[Date "2006.01.13"]
[Round "7.4"]
[White "Pogorelov, Ruslan"]
[Black "Perez Candelario, Manuel"]
[Result "1/2-1/2"]
[WhiteElo "2402"]
[BlackElo "2511"]
[PlyCount "158"]
[EventDate "2006.01.07"]
[EventType "swiss"]
[EventRounds "9"]
[EventCountry "ESP"]
[Source "lmi"]
[SourceDate "2006.01.09"]

1. Nf3 d5 2. d4 Nf6 3. c4 e6 4. Nc3 dxc4 5. Qa4+ c6 6. Qxc4 b5 7. Qd3 Nbd7 8.
e4 b4 9. Na4 Bb7 10. Bg5 Qa5 11. b3 c5 12. Bxf6 gxf6 13. d5 O-O-O 14. Be2 f5
15. exf5 exd5 16. O-O Rg8 17. f6 Rg6 18. a3 c4 19. Qc2 bxa3 20. bxc4 d4 21. c5
Nxc5 22. Nxc5 Bxc5 23. Rfc1 Rd5 24. Bd3 Rxf6 25. Be4 d3 26. Qc4 Rf4 27. g3 Rxe4
28. Qxe4 Kb8 29. Qe8+ Qd8 30. Qxf7 Qf8 31. Qxf8+ Bxf8 32. Nd2 Bb4 33. Rd1 Rc5
34. Nb3 Rd5 35. Nd2 a5 36. f3 Rf5 37. Kg2 Rc5 38. Ne4 Rc2+ 39. Kh3 d2 40. Nxd2
Bxd2 41. Rxa3 Bc8+ 42. Kh4 Bb4 43. Rb3 Be6 44. Rbb1 Ba2 45. Ra1 Rxh2+ 46. Kg4
Be6+ 47. Kf4 Re2 48. g4 Kc7 49. Rh1 Bg8 50. Kf5 Re3 51. f4 Kd7 52. Kg5 Be7+ 53.
Kh5 Bb4 54. f5 Re5 55. Kh6 Bf8+ 56. Kg5 Rd5 57. Rab1 a4 58. Rb8 Be7+ 59. Kh6
Rd6+ 60. Kg7 Bd5 61. Rxh7 Kc6 62. Rh3 Kc7 63. Rb1 Bf6+ 64. Kh7 Bf7 65. Rc1+ Kb7
66. Rb1+ Kc6 67. Rc1+ Kb6 68. Rb1+ Kc5 69. Rb8 Rd7 70. Kh6 Be5 71. Rc8+ Kb4 72.
g5 a3 73. Ra8 a2 74. Rh4+ Kb5 75. Rha4 Bg7+ 76. Kh7 Bc3 77. Kh6 Bg7+ 78. Kh7
Bc3 79. Kh6 Bg7+ 1/2-1/2

[Event "31. Abierto Ciudad de Sevilla"]
[Site "Sevilla ESP"]
[Date "2006.01.13"]
[Round "7.5"]
[White "Khamrakulov, Ibragim S"]
[Black "Carrasco Martinez, Juan Manuel"]
[Result "1-0"]
[WhiteElo "2499"]
[BlackElo "2431"]
[PlyCount "59"]
[EventDate "2006.01.07"]
[EventType "swiss"]
[EventRounds "9"]
[EventCountry "ESP"]
[Source "lmi"]
[SourceDate "2006.01.09"]

1. e4 c6 2. d4 d5 3. exd5 cxd5 4. c4 Nf6 5. Nc3 e6 6. Nf3 Bb4 7. cxd5 Nxd5 8.
Bd2 Nc6 9. Bd3 Nf6 10. O-O O-O 11. Bg5 Be7 12. a3 b6 13. Re1 Bb7 14. Bc2 Rc8
15. Qd3 g6 16. Rad1 Nd5 17. Bh6 Re8 18. Ba4 Nxc3 19. bxc3 Qd6 20. c4 Red8 21.
d5 exd5 22. cxd5 Na5 23. Qe3 Bf6 24. Ng5 Nc4 25. Qf3 Ne5 26. Qg3 Bxg5 27. Bxg5
f6 28. Bxf6 Qxf6 29. Rxe5 Rc5 30. Bb3 1-0

[Event "31. Abierto Ciudad de Sevilla"]
[Site "Sevilla ESP"]
[Date "2006.01.13"]
[Round "7.6"]
[White "Kononenko, Tatiana"]
[Black "Mirzoev, Azer"]
[Result "0-1"]
[WhiteElo "2417"]
[BlackElo "2498"]
[PlyCount "108"]
[EventDate "2006.01.07"]
[EventType "swiss"]
[EventRounds "9"]
[EventCountry "ESP"]
[Source "lmi"]
[SourceDate "2006.01.09"]

1. d4 g6 2. c4 Bg7 3. e4 d6 4. Nc3 e5 5. d5 Nf6 6. Bd3 O-O 7. Nge2 Na6 8. f3
Ne8 9. O-O c5 10. f4 exf4 11. Bxf4 Bg4 12. Qd2 Bxe2 13. Bxe2 Nac7 14. Rf3 a6
15. a4 Bd4+ 16. Be3 Be5 17. Raf1 Qe7 18. Bd3 Rb8 19. Kh1 b6 20. Bf4 f6 21. g4
Ng7 22. Qg2 Bxf4 23. Rxf4 Qe5 24. Qf2 Nce8 25. Na2 Rb7 26. Qd2 h5 27. gxh5 Nxh5
28. Rg4 Kh7 29. Nc3 Rg8 30. Qg2 Rbg7 31. Qh3 Kh8 32. Qg2 g5 33. Ne2 Rh7 34. b3
Neg7 35. Qf2 Rh6 36. Kg1 Qb2 37. Rb1 Qd2 38. Qf3 f5 39. Rg2 g4 40. Ng3 Qc3 41.
Qd1 Nf4 42. Rd2 Nh3+ 43. Kh1 f4 44. Nf1 f3 45. Qc2 Qd4 46. Ng3 Qe5 47. Qb2 Re8
48. Qxe5 Rxe5 49. b4 Nf4 50. bxc5 bxc5 51. Rb6 a5 52. Rb5 Ngh5 53. Nf5 Rxf5 54.
exf5 Ng3+ 0-1

[Event "31. Abierto Ciudad de Sevilla"]
[Site "Sevilla ESP"]
[Date "2006.01.13"]
[Round "7.8"]
[White "Paunovic, Dragan"]
[Black "Speck, Nick"]
[Result "1-0"]
[WhiteElo "2475"]
[BlackElo "2371"]
[PlyCount "91"]
[EventDate "2006.01.07"]
[EventType "swiss"]
[EventRounds "9"]
[EventCountry "ESP"]
[Source "lmi"]
[SourceDate "2006.01.09"]

1. Nf3 g6 2. c4 Bg7 3. g3 e5 4. Nc3 Nc6 5. Bg2 d6 6. d3 Nf6 7. Rb1 a5 8. Bg5 h6
9. Bxf6 Bxf6 10. a3 O-O 11. b4 axb4 12. axb4 Bg7 13. b5 Ne7 14. O-O Re8 15. Qc2
Bg4 16. Nd2 c6 17. bxc6 bxc6 18. h3 Be6 19. c5 d5 20. Na4 Ra6 21. Nb6 Nc8 22.
Nxc8 Qxc8 23. Rb6 Ra5 24. Rfb1 Bxh3 25. Rb8 Qxb8 26. Rxb8 Rxb8 27. Bxh3 Ra1+
28. Nf1 Rbb1 29. e4 dxe4 30. dxe4 Rc1 31. Qd2 Rd1 32. Qc3 Rdc1 33. Qb3 Rxc5 34.
Qf3 Rcc1 35. Qg4 Rc5 36. Qc8+ Bf8 37. Kg2 Kg7 38. Qc7 Kf6 39. Ne3 h5 40. g4
Rcc1 41. g5+ Kxg5 42. Qxe5+ Kh6 43. Qh8+ Kg5 44. Qxf8 Rh1 45. Bd7 h4 46. Qxf7
1-0

[Event "31. Abierto Ciudad de Sevilla"]
[Site "Sevilla ESP"]
[Date "2006.01.13"]
[Round "7.9"]
[White "Korneev, Oleg"]
[Black "Fenollar Jorda, Manuel"]
[Result "1-0"]
[WhiteElo "2649"]
[BlackElo "2277"]
[PlyCount "63"]
[EventDate "2006.01.07"]
[EventType "swiss"]
[EventRounds "9"]
[EventCountry "ESP"]
[Source "lmi"]
[SourceDate "2006.01.09"]

1. e4 e5 2. Nf3 Nc6 3. d4 exd4 4. Nxd4 Bc5 5. Nb3 Bb6 6. a4 a5 7. Nc3 Qf6 8.
Qf3 Qxf3 9. gxf3 Nb4 10. Bd3 d6 11. Be3 Bxe3 12. fxe3 Be6 13. Nd4 Ne7 14. Rg1
g6 15. O-O-O Nec6 16. Be2 Nxd4 17. exd4 d5 18. Nb5 Ke7 19. c3 Na6 20. e5 Bd7
21. f4 Rag8 22. h4 Bxb5 23. axb5 Nb8 24. Kd2 Nd7 25. Ke3 Ra8 26. Ra1 b6 27. Bf3
Rad8 28. Bxd5 Nxe5 29. fxe5 Rxd5 30. c4 Rdd8 31. d5 Rhg8 32. Kd4 1-0

[Event "31. Abierto Ciudad de Sevilla"]
[Site "Sevilla ESP"]
[Date "2006.01.13"]
[Round "7.10"]
[White "Hickl, Joerg"]
[Black "Sanz Alonso, Francisco Javier"]
[Result "0-1"]
[WhiteElo "2555"]
[BlackElo "2385"]
[PlyCount "61"]
[EventDate "2006.01.07"]
[EventType "swiss"]
[EventRounds "9"]
[EventCountry "ESP"]
[Source "lmi"]
[SourceDate "2006.01.09"]

1. g3 e5 2. Bg2 d5 3. d3 Nf6 4. Nf3 Bd6 5. Nbd2 O-O 6. e4 c6 7. O-O Re8 8. b3
a5 9. a3 Nbd7 10. Bb2 b6 11. Re1 Bb7 12. c3 dxe4 13. dxe4 Nc5 14. Qc2 Bc7 15.
Bf1 Ba6 16. Nc4 b5 17. Ncd2 Qe7 18. Rad1 Bb6 19. h3 Qa7 20. Kg2 Rad8 21. Be2 a4
22. b4 Nb3 23. Rf1 c5 24. bxc5 Nxc5 25. c4 Bb7 26. cxb5 Ncxe4 27. Nxe4 Bxe4 28.
Qc4 Rc8 29. Qb4 Rc2 30. Rde1 Ba5 31. b6 0-1

[Event "31. Abierto Ciudad de Sevilla"]
[Site "Sevilla ESP"]
[Date "2006.01.13"]
[Round "7.11"]
[White "Salgado Lopez, Ivan"]
[Black "Campora Sivori, Daniel"]
[Result "0-1"]
[WhiteElo "2366"]
[BlackElo "2541"]
[PlyCount "70"]
[EventDate "2006.01.07"]
[EventType "swiss"]
[EventRounds "9"]
[EventCountry "ESP"]
[Source "lmi"]
[SourceDate "2006.01.09"]

1. e4 Nf6 2. e5 Nd5 3. c4 Nb6 4. d4 d6 5. exd6 exd6 6. Nc3 Be7 7. Qf3 O-O 8.
Be3 Nc6 9. c5 Nd7 10. cxd6 Bxd6 11. Bd3 Nf6 12. h3 Nb4 13. Bb1 Bd7 14. Qd1 Nbd5
15. Bg5 h6 16. Bxf6 Nxf6 17. Nge2 Re8 18. O-O c6 19. Qd3 g6 20. Qf3 Kg7 21. Bc2
Be6 22. Rfe1 Qb6 23. Rab1 Rad8 24. b4 Bb8 25. b5 Qc7 26. Ng3 cxb5 27. Nce4 Nxe4
28. Bxe4 Bxa2 29. Ra1 Bc4 30. Bxb7 a5 31. Rxe8 Rxe8 32. Bc6 Re6 33. d5 Rf6 34.
Qg4 Qe5 35. Rd1 a4 0-1

[Event "31. Abierto Ciudad de Sevilla"]
[Site "Sevilla ESP"]
[Date "2006.01.13"]
[Round "7.12"]
[White "Garcia Luque, Agustin"]
[Black "Narciso Dublan, Marc"]
[Result "1/2-1/2"]
[WhiteElo "2355"]
[BlackElo "2525"]
[PlyCount "55"]
[EventDate "2006.01.07"]
[EventType "swiss"]
[EventRounds "9"]
[EventCountry "ESP"]
[Source "lmi"]
[SourceDate "2006.01.09"]

1. e4 e6 2. d3 d5 3. Nd2 Nf6 4. Ngf3 b6 5. g3 dxe4 6. dxe4 Bc5 7. Bd3 e5 8. Qe2
Qe7 9. c3 Bh3 10. b4 Bd6 11. Nc4 h6 12. a3 Nbd7 13. Bb2 a5 14. Rd1 O-O 15. Nh4
Rfe8 16. Ne3 g6 17. Bc4 Nf8 18. Nd5 Nxd5 19. Bxd5 Rac8 20. Bc1 h5 21. Bh6 axb4
22. axb4 c6 23. Bc4 Bg4 24. f3 Be6 25. O-O Rcd8 26. Rd2 b5 27. Bxe6 Nxe6 28.
Be3 1/2-1/2

[Event "31. Abierto Ciudad de Sevilla"]
[Site "Sevilla ESP"]
[Date "2006.01.13"]
[Round "7.14"]
[White "Garcia Vicente, Nieves"]
[Black "Fernandez Romero, Ernesto"]
[Result "0-1"]
[WhiteElo "2192"]
[BlackElo "2460"]
[PlyCount "182"]
[EventDate "2006.01.07"]
[EventType "swiss"]
[EventRounds "9"]
[EventCountry "ESP"]
[Source "lmi"]
[SourceDate "2006.01.09"]

1. d4 Nf6 2. c4 d6 3. Nf3 g6 4. Nc3 Bf5 5. h3 Bg7 6. Bf4 O-O 7. e3 c5 8. Be2
Ne4 9. Nxe4 Bxe4 10. O-O cxd4 11. exd4 Qb6 12. Qd2 Bxf3 13. Bxf3 Bxd4 14. Bh6
Bg7 15. Rfe1 Re8 16. Bxg7 Kxg7 17. Re4 Nd7 18. Rae1 e5 19. Rd1 Nf6 20. Re3 e4
21. Rb3 Qc7 22. Be2 Rad8 23. Qd4 b6 24. Rb5 Qe7 25. Rd5 e3 26. f3 Kg8 27. Rxd6
Rxd6 28. Qxd6 Qxd6 29. Rxd6 Nh5 30. Kf1 Re5 31. g4 Nf4 32. h4 h5 33. g5 Ne6 34.
Rd5 Rxd5 35. cxd5 Nd4 36. f4 Kf8 37. Bc4 b5 38. Bd3 Ke7 39. Be4 Kd6 40. Ke1 b4
41. Kd1 a5 42. Ke1 Nf5 43. Ke2 Nxh4 44. Kxe3 Nf5+ 45. Kd3 Kc5 46. Bg2 a4 47.
Bf3 h4 48. Bg2 a3 49. bxa3 bxa3 50. Ke4 Kd6 51. Kd3 Ng3 52. Ke3 Kc5 53. Kd3 Nf5
54. Ke4 Nd6+ 55. Ke5 Nc4+ 56. Ke4 Kd6 57. Kd3 Nb6 58. Kd4 Nc8 59. Bh3 Ne7 60.
Bg2 Nf5+ 61. Kd3 Ng7 62. Ke4 Nh5 63. Ke3 Ng3 64. Kd3 Kc5 65. Ke3 Nf5+ 66. Ke4
Nd6+ 67. Kd3 Nb5 68. Ke4 Kd6 69. Kd3 Nc7 70. Kc4 h3 71. Bxh3 Nxd5 72. Kb3 Nxf4
73. Bf1 Ne6 74. Kxa3 Nxg5 75. Kb4 Ne4 76. Bg2 Nc5 77. Kc4 f5 78. Kd4 g5 79. Bf1
g4 80. Be2 Ne6+ 81. Ke3 Ke5 82. a4 Nd4 83. Bf1 f4+ 84. Kf2 Nb3 85. Bb5 Nd2 86.
Bc6 Ne4+ 87. Kf1 f3 88. a5 Nc5 89. Bb5 Kf4 90. a6 g3 91. a7 g2+ 0-1

[Event "31. Abierto Ciudad de Sevilla"]
[Site "Sevilla ESP"]
[Date "2006.01.13"]
[Round "7.15"]
[White "Garcia Romero, Benjamin Abel"]
[Black "Teran Alvarez, Ismael"]
[Result "0-1"]
[WhiteElo "2177"]
[BlackElo "2446"]
[PlyCount "66"]
[EventDate "2006.01.07"]
[EventType "swiss"]
[EventRounds "9"]
[EventCountry "ESP"]
[Source "lmi"]
[SourceDate "2006.01.09"]

1. c4 e5 2. g3 Nf6 3. Bg2 h6 4. a3 c6 5. Nc3 d5 6. cxd5 cxd5 7. Qb3 Nc6 8. Nxd5
Nd4 9. Nxf6+ gxf6 10. Qd3 Bd7 11. Nf3 Bb5 12. Qe4 Bc6 13. Qb1 Qd5 14. d3 Nb3
15. e4 Qd7 16. Ra2 Nxc1 17. Qxc1 Qxd3 18. Nd2 h5 19. Qb1 Qd4 20. b4 Bb5 21. Bf1
Bxf1 22. Kxf1 h4 23. Ke2 hxg3 24. hxg3 Rxh1 25. Qxh1 Rd8 26. Qh3 Qc3 27. Qh5
Qd3+ 28. Ke1 Rc8 29. Kd1 Rc3 30. Qh3 a6 31. Qf1 Qd4 32. Qh1 Qxf2 33. Nb1 Qxa2
0-1

[Event "31. Abierto Ciudad de Sevilla"]
[Site "Sevilla ESP"]
[Date "2006.01.13"]
[Round "7.16"]
[White "Carrabeo Garcia, Manuel"]
[Black "Alonso, Rene"]
[Result "0-1"]
[WhiteElo "2135"]
[BlackElo "2392"]
[PlyCount "90"]
[EventDate "2006.01.07"]
[EventType "swiss"]
[EventRounds "9"]
[EventCountry "ESP"]
[Source "lmi"]
[SourceDate "2006.01.09"]

1. d4 Nf6 2. Nf3 g6 3. Nbd2 Bg7 4. e4 O-O 5. c3 d6 6. Bd3 Nc6 7. O-O Nd7 8. Bb5
a6 9. Bxc6 bxc6 10. Re1 c5 11. Nc4 cxd4 12. Nxd4 Nb6 13. Nxb6 cxb6 14. Bg5 Bb7
15. Qd2 Re8 16. Rad1 Qc7 17. Bh6 Bh8 18. h4 Rad8 19. h5 e5 20. Nf5 d5 21. Qg5
Bc8 22. Rd3 f6 23. Qg4 Kf7 24. hxg6+ hxg6 25. Rg3 gxf5 26. exf5 Ke7 27. Qg6 Kd6
28. Be3 Kc6 29. Rh3 Qd7 30. Rh7 Qxf5 31. Qf7 Bd7 32. c4 d4 33. Qd5+ Kc7 34. c5
Qe6 35. cxb6+ Kb8 36. Qa5 Qc4 37. Bd2 Bc6 38. Rc1 Qd5 39. Rxc6 Qxc6 40. Qxa6
Rd7 41. Rh3 Rg8 42. g3 Rc8 43. g4 Qb7 44. Qa5 Rh7 45. Bb4 Rc1+ 0-1